| 000 | 00590nam a2200193Ia 4500 | ||
|---|---|---|---|
| 003 | OSt | ||
| 005 | 20200812130548.0 | ||
| 008 | 190216s9999||||xx |||||||||||||| ||und|| | ||
| 020 | _a9788120307971 | ||
| 040 | _coclc | ||
| 082 |
_a547 _bMOR/S |
||
| 100 |
_aMorrison, Robert Thornton _94066 |
||
| 245 | 0 |
_aStudy Guide To Organic Chemistry / _cRobert Thornton Morrison ; Robert Neilson Boyd |
|
| 250 | _a6th Ed. | ||
| 260 |
_bPrentice Hall Of India Pvt Ltd, _c1999. _aNew Delhi: |
||
| 300 | _a723p | ||
| 650 | _aChemistry | ||
| 942 |
_cBK _2ddc _h547 _iMOR/S _k547 _mMOR/S |
||
| 999 |
_c2909 _d2909 |
||